| 000 | 00802nam a2200289Ia 4500 | ||
|---|---|---|---|
| 001 | Z_3612 | ||
| 003 | CHAP | ||
| 008 | 220113s2000 xx 000 0 und d | ||
| 010 | _a166695 | ||
| 040 | _cCHAP | ||
| 082 | _a636.08 A8 | ||
| 100 |
_aReunión de la Asociación Mexicana de Producción Animal (28 : 2000 : Tapachula, Chis.) _9140814 |
||
| 245 |
_aMemorias / _cpor AMPA |
||
| 260 |
_aTapachula, chis. : _bLa Asociación, _c2000 |
||
| 300 | _a332 p. | ||
| 440 | _a | ||
| 500 | _a | ||
| 503 | _a | ||
| 650 |
_aGanadería _xCongresos I. UACH. Departamento de Zootecnia II. Asociación Mexicana de Producción Animal _9140693 |
||
| 650 |
_aGanado _xProducción _xCongresos _944947 |
||
| 901 | _a636.08 A8 | ||
| 902 | _aA | ||
| 910 | _a2000 | ||
| 942 | _c1 | ||
| 942 | _cc1 | ||
| 999 |
_c166695 _d166695 |
||